logo

Bir Sreshtho Munshi Abdur Rouf Library
Jhenaidah Cadet College

Engineering science for mechanical technicians : (Record no. 5969)

MARC details
000 -LEADER
fixed length control field 00967nam a22002892 4500
001 - CONTROL NUMBER
JCCL Control Number 5969
003 - CONTROL NUMBER IDENTIFIER
JCCL marc code BD - JhCC
005 - DATE AND TIME OF LATEST TRANSACTION
control field 20180305113656.0
008 - FIXED-LENGTH DATA ELEMENTS--GENERAL INFORMATION
fixed length control field 780630s1979 enk 000 0 eng
020 ## - INTERNATIONAL STANDARD BOOK NUMBER
International Standard Book Number 0582411394
035 ## - SYSTEM CONTROL NUMBER
system control number (BD - JhCC)5969
040 ## - CATALOGING SOURCE
Original cataloging agency DLC
Transcribing agency DLC
Modifying agency EQO
-- BD - JhCC
041 ## - LANGUAGE CODE
Language code of Book eng
050 0# - LIBRARY OF CONGRESS CALL NUMBER
Classification number TA147
Item number .B57
082 ## - DEWEY DECIMAL CLASSIFICATION NUMBER
Classification number 621
Author mark and Year MUD 1963
100 1# - MAIN ENTRY--PERSONAL NAME
Personal name W. Mudge,
245 10 - TITLE STATEMENT
Title Engineering science for mechanical technicians :
Remainder of title level 2 /
Statement of responsibility, etc W. Mudge :G.C. Romney
260 ## - PUBLICATION, DISTRIBUTION, ETC. (IMPRINT)
Place of publication, distribution, etc London ;
-- New York :
Name of publisher, distributor, etc Longman,
Date of publication, distribution, etc 1979.
300 ## - PHYSICAL DESCRIPTION
Pagination 112 p. :
Dimensions 22 cm.
490 1# - SERIES STATEMENT
Series statement Longman technician series. Mechanical and production engineering
500 ## - GENERAL NOTE
General note "Textbook ... [for] the Technician Education Council level II Engineering Science course for mechanical technicians on the A5 programme (syllabus TEC U76/053)."
650 #0 - SUBJECT ADDED ENTRY--TOPICAL TERM
Topical term or geographic name as entry element Engineering.
700 1# - ADDED ENTRY--PERSONAL NAME
Personal name May, A. J. C.
830 #0 - SERIES ADDED ENTRY--UNIFORM TITLE
Uniform title Longman technician series.
942 ## - ADDED ENTRY ELEMENTS (KOHA)
Source of classification or shelving scheme Dewey Decimal Classification
Koha item type Books
Holdings
Source of classification or shelving scheme Damaged status Not for loan Home library Current library Shelving location Date of accession Total Checkouts Full call number Barcode Date last seen Copy number Koha item type
Dewey Decimal Classification     JCC Rouf Library JCC Rouf Library General Stacks 12/31/2017   621 MUD 1963 7863 12/31/2017 C - 1 Books
Dewey Decimal Classification     JCC Rouf Library JCC Rouf Library General Stacks     621 MUD 1963 11843 03/05/2018 C - 2 Books

JCC Library | Contacts | JCC Home

Last Update on 23 September 2017
Copyright @ 2017-2020 JCC Rouf Library
Rouf Library, Jhenidah Cadet College (JCC), Bangladesh